| 000 | 00648 a2200193 4500 | ||
|---|---|---|---|
| 001 | 61630 | ||
| 005 | 20260407155906.0 | ||
| 008 | 260407a1979 arg spa d | ||
| 003 | AR-UNSa-BCEJYS | ||
| 040 |
_aAR-UNSa-BCEJYS _bspa _cAR-UNSa-BCEJYS |
||
| 080 |
_a347.13 _xActos legales en general (Nulidad de los actos jurídicos) |
||
| 245 | 1 | 0 |
_aHechos y actos jurídicos _pComentario de los artículos 896 a 943 del Código Civil. Doctrina y Jurisprudencia |
| 264 | 1 |
_aBuenos Aires : _bAstrea _c1979 |
|
| 300 |
_axxiii, 495 p. _c23 cm. |
||
| 041 | _aspa | ||
| 942 | _cBK | ||
| 590 | _aniveau_biblio:m niveau_hierar:0 | ||
| 100 | 1 | _aBrebbia, Roberto H. | |
| 999 |
_c7348 _d7348 |
||